<?xml version="1.0" encoding="UTF-8"?>
<record
    xmlns:xsi="http://www.w3.org/2001/XMLSchema-instance"
    xsi:schemaLocation="http://www.loc.gov/MARC21/slim http://www.loc.gov/standards/marcxml/schema/MARC21slim.xsd"
    xmlns="http://www.loc.gov/MARC21/slim">

  <leader>01722    a2200217   4500</leader>
  <controlfield tag="001">54482</controlfield>
  <controlfield tag="005">20260407155817.0</controlfield>
  <controlfield tag="008">260407a1952    arg                 spa d</controlfield>
  <controlfield tag="003">AR-UNSa-BCEJYS</controlfield>
  <datafield tag="040" ind1=" " ind2=" ">
    <subfield code="a">AR-UNSa-BCEJYS</subfield>
    <subfield code="b">spa</subfield>
    <subfield code="c">AR-UNSa-BCEJYS</subfield>
  </datafield>
  <datafield tag="080" ind1=" " ind2=" ">
    <subfield code="a">657.474.57</subfield>
    <subfield code="x">M&#xE9;todos de c&#xE1;lculo. Estimaci&#xF3;n de costos
</subfield>
  </datafield>
  <datafield tag="245" ind1="1" ind2="0">
    <subfield code="a">Los costes y la pol&#xED;tica de precios</subfield>
  </datafield>
  <datafield tag="264" ind1=" " ind2="1">
    <subfield code="a">Madrid :</subfield>
    <subfield code="b">Aguilar</subfield>
    <subfield code="c">1952</subfield>
  </datafield>
  <datafield tag="300" ind1=" " ind2=" ">
    <subfield code="a">351 p.</subfield>
    <subfield code="c">22 cm.</subfield>
  </datafield>
  <datafield tag="505" ind1=" " ind2=" ">
    <subfield code="a">Primera Parte: DOCTRINA DE LOS COSTES: 1. Introducci&#xF3;n y conceptos elementales &#x2013; 2. Las leyes de capacidad de la agricultura &#x2013; 3. Las leyes de capacidad de la industria &#x2013; 4. Los costes de las empresas grandes y peque&#xF1;as &#x2013; 5. Producci&#xF3;n conjunta y producci&#xF3;n com&#xFA;n &#x2013; 6. Los costes comerciales - - Segunda Parte: POLITICA DE PRECIOS: 7. Forma de mercado y fijaci&#xF3;n de precios &#x2013; 8. La competencia perfecta &#x2013; 9. Los precios estabilizados &#x2013; 10. La competencia imperfecta &#x2013; 11. Los precios estabilizados &#x2013; 12. La diferenciaci&#xF3;n de los precios - - Tercera Parte: LA POLITICA DE INVERSION Y LA VALORACION: 13. Calculo de las inversiones en nuevos equipos &#x2013; 14. La valoraci&#xF3;n &#x2013; 15. La pol&#xED;tica de inversi&#xF3;n despu&#xE9;s del establecimiento de la empresa - - Cuarta Parte: LA DISTRIBUCION DE LOS COSTES Y EL CALCULO: 16. Problemas fundamentales de la distribuci&#xF3;n de los costes &#x2013; 17. Precios m&#xED;nimos y precios finales &#x2013; 18. Las decisiones que afectan a la pol&#xED;tica de inversi&#xF3;n &#x2013; 19. El beneficio neto &#x2013; 20. El c&#xE1;lculo de los precios &#x2013; 21. El control de la explotaci&#xF3;n.  </subfield>
  </datafield>
  <datafield tag="942" ind1=" " ind2=" ">
    <subfield code="c">BK</subfield>
  </datafield>
  <datafield tag="590" ind1=" " ind2=" ">
    <subfield code="a">niveau_biblio:m niveau_hierar:0</subfield>
  </datafield>
  <datafield tag="100" ind1="1" ind2=" ">
    <subfield code="a">Pedersen, H. Winding</subfield>
  </datafield>
  <datafield tag="700" ind1="1" ind2=" ">
    <subfield code="a">Koefoed, Arne</subfield>
  </datafield>
  <datafield tag="700" ind1="1" ind2=" ">
    <subfield code="a">De Torres, Manuel</subfield>
  </datafield>
  <datafield tag="999" ind1=" " ind2=" ">
    <subfield code="c">5581</subfield>
    <subfield code="d">5581</subfield>
  </datafield>
  <datafield tag="952" ind1=" " ind2=" ">
    <subfield code="0">0</subfield>
    <subfield code="1">0</subfield>
    <subfield code="4">0</subfield>
    <subfield code="7">0</subfield>
    <subfield code="a">BCEJYS</subfield>
    <subfield code="b">BCEJYS</subfield>
    <subfield code="c">16</subfield>
    <subfield code="d">2026-04-07</subfield>
    <subfield code="l">0</subfield>
    <subfield code="o">657.474.57 P371</subfield>
    <subfield code="p">L20303</subfield>
    <subfield code="r">2026-04-07 15:58:17</subfield>
    <subfield code="w">2026-04-07</subfield>
    <subfield code="y">L</subfield>
  </datafield>
</record>
